Missing Word: Star Wars IV Quotes Quiz Stats

 Plays Quiz Updated Jul 20, 2015

Challenge
Share
Tweet
Embed
Score 0/25 Timer 05:00
1 Play Today
Quote Word % Correct
Help me, Obi-Wan Kenobi. You're my only ____.hope
99.2%
I have a very bad ____ about this.feeling
92.7%
These aren't the ____ we're looking for.droids
91.5%
The Force is ____ with this one.strong
90.5%
I want to come with you to Alderaan. There's nothing for me here now. I want to learn the ways of the Force and become a ____ like my father.Jedi
88.5%
Use the force, ____.Luke
88.3%
Wonderful girl! Either I'm going to kill her or I'm beginning to ____ her.like
87.7%
We meet again, at last. The circle is now complete. When I left you, I was but the learner; now I am the ____.master
85.7%
Aren't you a little ____ for a stormtrooper?short
84.9%
That's no ____. It's a space station.moon
81.6%
Great, kid. Don't get ____.cocky
76.9%
I find your lack of faith ____.disturbing
75.5%
In my experience, there's no such thing as ____.luck
73.1%
Quote Word % Correct
It's the ship that made the Kessel Run in less than ____ parsecs.twelve
70.5%
Hokey religions and ancient weapons are no match for a good ____ at your side, kid.blaster
70.3%
Shut down all the ____ mashers on the detention level!!garbage
65.8%
I see your point, sir. I suggest a new strategy, R2. Let the Wookiee ____.win
64.6%
You're all clear, kid, now let's ____ this thing and go home!blow
61.9%
Will somebody get this big walking ____ out of my way?carpet
60.5%
One thing's for sure, we're all gonna be a lot ____.thinner
59.7%
Mos Eisley spaceport. You will never find a more wretched hive of ____ and villainy.scum
57.4%
I don't like you either. You just watch yourself. We're wanted men. I have the death sentence on twelve ____.systems
56.5%
You can tell that to Jabba. He may only take your ____.ship
54.9%
Boy, you said it, Chewie. Where did you dig up that old ____?fossil
40%
Watch your mouth, kid, or you're gonna find yourself ____ home!floating
34.1%

Today's Daily Dose

You're not logged in!

Compare scores with friends on all Sporcle quizzes.
OR
Log In

You Might Also Like...

Show Comments

Extras

Top Quizzes Today


Score Distribution

Your Account Isn't Verified!

In order to create a playlist on Sporcle, you need to verify the email address you used during registration. Go to your Sporcle Settings to finish the process.

Report this User

Report this user for behavior that violates our Community Guidelines.

Details: